Mistrzowie Formuły 1 (1950-2018) - Statystyki

Ogólne statystyki
  • Ten quiz został rozwiązany 2 293 razy
  • Średni wynik to 46 z 69
Statystyki odpowiedzi
Rok Stajnia Kierowca % Poprawnych
2008 McLaren Lewis Hamilton
99%
2014 Mercedes Lewis Hamilton
99%
2016 Mercedes Lewis Hamilton
99%
2017 Mercedes Lewis Hamilton
99%
2018 Mercedes Lewis Hamilton
99%
2010 Red Bull Sebastian Vettel
97%
2011 Red Bull Sebastian Vettel
97%
2012 Red Bull Sebastian Vettel
97%
2013 Red Bull Sebastian Vettel
97%
1994 Benetton Michael Schumacher
96%
1995 Benetton Michael Schumacher
96%
2000 Ferrari Michael Schumacher
96%
2001 Ferrari Michael Schumacher
96%
2002 Ferrari Michael Schumacher
96%
2003 Ferrari Michael Schumacher
96%
2004 Ferrari Michael Schumacher
96%
2005 Renault Fernando Alonso
93%
2006 Renault Fernando Alonso
93%
2015 Mercedes Nico Rosberg
90%
1988 McLaren Ayrton Senna
89%
1991 McLaren Ayrton Senna
89%
1990 McLaren Ayrton Senna
89%
1982 Williams Keke Rosberg
88%
2007 Ferrari Kimi Raikkonen
88%
2009 Brawn Jenson Button
84%
1975 Ferrari Niki Lauda
79%
1977 Ferrari Niki Lauda
79%
1984 McLaren Niki Lauda
79%
1985 McLaren Alain Prost
77%
1986 McLaren Alain Prost
77%
1989 McLaren Alain Prost
77%
1993 Williams Alain Prost
77%
1998 McLaren Mika Häkkinen
66%
1999 McLaren Mika Häkkinen
66%
1951 Alfa Romeo Juan Manuel Fangio
64%
1954 Maserati/Mercedes Juan Manuel Fangio
64%
1955 Mercedes Juan Manuel Fangio
64%
1956 Ferrari Juan Manuel Fangio
64%
1957 Maserati Juan Manuel Fangio
64%
1996 Williams Damon Hill
59%
1962 BRM Graham Hill
58%
1968 Lotus Graham Hill
58%
1961 Ferrari Phil Hill
58%
1992 Williams Nigel Mansell
51%
1997 Williams Jacques Villeneuve
50%
1952 Ferrari Alberto Ascari
49%
1953 Ferrari Alberto Ascari
49%
1976 McLaren James Hunt
48%
1950 Alfa Romeo Giuseppe Farina
47%
1981 Brabham Nelson Piquet
47%
1983 Brabham Nelson Piquet
47%
1987 Williams Nelson Piquet
47%
1959 Cooper Jack Brabham
46%
1960 Cooper Jack Brabham
46%
1966 Brabham Jack Brabham
46%
1969 Matra Jackie Stewart
42%
1971 Tyrrell Jackie Stewart
42%
1973 Tyrrell Jackie Stewart
42%
1972 Lotus Emerson Fittipaldi
38%
1974 McLaren Emerson Fittipaldi
38%
1963 Lotus Jim Clark
36%
1965 Lotus Jim Clark
36%
1979 Ferrari Jody Scheckter
28%
1978 Lotus Mario Andretti
26%
1980 Williams Alan Jones
24%
1970 Lotus Jochen Rindt
23%
1958 Ferrari Mike Hawthorn
21%
1964 Ferrari John Surtees
19%
1967 Brabham Denny Hulme
18%
Nie znaleziono quizów pasujących do podanych kryteriów
Rozkład punktacji
Procent ludzi z każdym wynikiem
Percentyl według liczby udzielonych odpowiedzi
Twoja historia wyników
Nie rozwiązałeś tego quizu